000 00435nam a2200181Ia 4500
001 24365
005 20260414151038.0
008 260414t2005||||xx |||||||||||||| ||spa||
041 _aESP
082 _a345.7
_bA48
100 _aAlvarado Velloso, Adolfo
_eAUT
245 0 _aIntroducción al estudio del derecho procesal
_b
260 _c2005
300 _a
_c22 cm.
650 _aDER
654 _aCDE
942 _cLIB
_dJUS
_fJUS
_2ddc
_n
999 _c24365
_d24365